=LDR 00000nam 2200000 4500 =001 INLIS000000000046096 =005 20230615073853 =035 ##$$a 0010-021500000000657 =008 230615###########################0###### =020 ##$$a 978.979.29.3358-1 =040 ##$$a NBPDMAT =082 ##$$a 507.6 =090 ##$$a 507.6 Agu b =100 ##$$a Agus Kamaludin =245 1#$$a Bebas Remedial Pintar IPA Terpadu SMP Kelas VIII /$c Agus Kamaludin; editor Westriningsih =250 ##$$a Cet. 1 =260 ##$$a Yogyakarta :$b Andi,$c 2012 =300 ##$$a 284 hlm. ; $c 28 cm =500 ##$$a Bibliografi hlm : 283 =650 #4$$a Sains SMP-Studi dan Pengajaran =700 #$$a Westriningsih =850 ##$$a NBPDMAT =084 ##$$a 507.6 AGU b =990 ##$$a 21419927 =990 ##$$a 21419928 =990 ##$$a 21419929 =990 ##$$a 21419930 =990 ##$$a 21419931